UK History Picture Quiz - N - Statistics

General Stats
  • This quiz has been taken 284 times
  • The average score is 10 of 15
Answer Stats
Picture Hint Answer % Correct
The "Lady with the Lamp" during the Crimean War Florence {Nightingale}
97%
Admiral victorious at the Battle of Trafalgar Horatio {Nelson}
97%
Nickname of Scottish monster allegedly first "sighted" in 565 AD Nessie
91%
Where the "Troubles" occured Northern Ireland
91%
Invasion depicted on the Bayeaux Tapestry {Norman} Conquest
86%
National Park established as a Royal Forest in 1079 {New} Forest
83%
Character created by Enid Blyton in 1949 Noddy
80%
Caribbean Carnival held in London since 1966 {Notting} {Hill} Carnival
75%
Ancient area in the North East Northumbria
63%
Island claimed as England's first overseas territory Newfoundland
40%
Nerve agent used to poison Sergei Skripol in Salisbury in 2018 Novichok
38%
Birthplace of PM Boris Johnson New York
36%
Motorcycle company founded in 1898 Norton
34%
Former name of Senedd Cymru {National} {Assembly} of Wales
28%
Lake said to have been formed by a mythological horse urinating. Lough {Neagh}
27%
No matching quizzes found
Score Distribution
Percent of People with Each Score
Percentile by Number Answered
Your Score History
You have not taken this quiz